Derecho de las sucesiones /
Guardado en:
| Autor Principal: | |
|---|---|
| Otros Autores: | |
| Formato: | Libro |
| Idioma: | Spanish |
| Publicado: |
Ciudad Autónoma de Buenos Aires :
Abeledo Perrot,
2017
|
| Edición: | 1a. ed. |
| Materias: | |
| Etiquetas: |
Agregar Etiqueta
Sin Etiquetas, Sea el primero en etiquetar este registro!
|
| LEADER | 00547nam a22001815a 4500 | ||
|---|---|---|---|
| 001 | DER.der013568 | ||
| 008 | 180615s2017####ag#####|###|#|######spa|| | ||
| 005 | 20230606092219.0 | ||
| 245 | 1 | 0 | |a Derecho de las sucesiones / |c Medina, Graciela. |
| 250 | |a 1a. ed. | ||
| 260 | |a Ciudad Autónoma de Buenos Aires : |b Abeledo Perrot, |c 2017 | ||
| 300 | |a 891 p. | ||
| 020 | |a 9789502028897 | ||
| 100 | 1 | |a Medina, Graciela. | |
| 700 | 1 | |a Rolleri, Gabriel. | |
| 700 | 1 | |a Rivera, Julio César, |e dir. | |
| 650 | 7 | |a SUCESIONES | |
| 859 | |a DERECHO |b BIB. DERECHO |h 348.023 |i ROL |p 008577 | ||
